| 000 | 00476nam a22001817a 4500 | ||
|---|---|---|---|
| 003 | OSt | ||
| 008 | 240507b |||||||| |||| 00| 0 eng d | ||
| 020 | _a9789354645945 | ||
| 082 | _a658.4012 GRC | ||
| 100 | _aGRANT, Robert M. and JOSE, P. D. | ||
| 245 | _aContemporary Strategy Analysis | ||
| 250 | _a11th. ed. | ||
| 260 |
_aNew Delhi, _bWiley, _c2023 |
||
| 300 | _a582 p. | ||
| 650 | _aMBA | ||
| 700 | _aYAYAVARAM, Sai and PALLATHITTA, Rejie George | ||
| 942 |
_2ddc _cBK |
||
| 999 |
_c12649 _d12649 |
||